| 000 | 01211nam0a22002651 4500 | ||
|---|---|---|---|
| 001 | rc\352019 | ||
| 005 | 20260406225050.0 | ||
| 010 |
_a5-269-00357-0 _91500 |
||
| 035 | _a(NLR Aleph) 005571906 | ||
| 090 |
_a6020780 _c6020780 |
||
| 100 | _a20030307d1989 |||y0rusy50 ca | ||
| 101 | 0 | _arus | |
| 102 | _aRU | ||
| 105 | _aa ||||||||| | ||
| 200 | 1 |
_aЮрий Григорян. Людмила Митурич. Сергей Митурич. Ольга Рудакова. Валерий Сахатов _eЖивопись, графика _eКат. выст. _f[Составитель Н.Н. Изюмская _gАвт. статей Л.Е. Бежин и др.] |
|
| 210 |
_aМ. _cСов. художник _d1989 |
||
| 215 |
_a[47] с. _cил. _d30 |
||
| 300 | _aВ надзаг.: Моск. орг. Союза художников РСФСР | ||
| 702 | 1 |
_aИзюмская _bН.Н. _gНаталия Николаевна _4220 |
|
| 710 | 1 | 2 |
_aВыставка произведений Ю.Григоряна, Л.Митурич, С.Митурича и др. _eМосква _f1989 _9458016 _3RU\NLR\AUTH\889980898 |
| 801 | 0 |
_aRU _bNLR _gpsbo |
|
| 801 | 1 |
_aRU _bELAR _2rusmarc |
|
| 852 |
_aNLR _bЭ _jКМ821/1989 |
||
| 942 | _cBOOK | ||
| 980 | _aNB | ||